Tibet/ (Record no. 152334)

MARC details
000 -LEADER
fixed length control field 00535nam a22001817a 4500
005 - DATE AND TIME OF LATEST TRANSACTION
control field 20180528162320.0
008 - FIXED-LENGTH DATA ELEMENTS--GENERAL INFORMATION
fixed length control field 180528b xxu||||| |||| 00| 0 eng d
022 ## - INTERNATIONAL STANDARD SERIAL NUMBER
International Standard Serial Number 9812046372
082 ## - DEWEY DECIMAL CLASSIFICATION NUMBER
Classification number 951.5
245 ## - TITLE STATEMENT
Title Tibet/
Statement of responsibility, etc by Patricia Levy
260 ## - PUBLICATION, DISTRIBUTION, ETC. (IMPRINT)
Place of publication, distribution, etc Singapore
Name of publisher, distributor, etc Times Books International
Date of publication, distribution, etc 1996
300 ## - PHYSICAL DESCRIPTION
Extent 128p.
Other physical details ill
Dimensions 21cm
440 ## - SERIES STATEMENT/ADDED ENTRY--TITLE
Title Cultures of the world
500 ## - GENERAL NOTE
General note Bibliographical references and index
530 ## - ADDITIONAL PHYSICAL FORM AVAILABLE NOTE
Additional physical form available note Also issued online.
651 ## - SUBJECT ADDED ENTRY--GEOGRAPHIC NAME
Geographic name Tibet (China)
942 ## - ADDED ENTRY ELEMENTS (KOHA)
Source of classification or shelving scheme Dewey Decimal Classification
Item type English Books
Classification part 951.5
Call number suffix LEV
Holdings
Withdrawn status Lost status Source of classification or shelving scheme Damaged status Not for loan Collection code Home library Current library Date acquired Source of acquisition Cost, normal purchase price Total Checkouts Full call number Barcode Date last seen Cost, replacement price Price effective from Koha item type
    Dewey Decimal Classification     Non-fiction Shahdara Branch Shahdara Branch 28/05/2018 BPPD/PUB 0.00   951.5 LEV A-872517 28/05/2018 0.00 28/05/2018 English Books

© Delhi Public Library
Hit Counter
free hit counter